<?xml version="1.0" encoding="UTF-8"?>
<record
    xmlns:xsi="http://www.w3.org/2001/XMLSchema-instance"
    xsi:schemaLocation="http://www.loc.gov/MARC21/slim http://www.loc.gov/standards/marcxml/schema/MARC21slim.xsd"
    xmlns="http://www.loc.gov/MARC21/slim">

  <leader>00823nam a2200253 i 4500</leader>
  <datafield tag="999" ind1=" " ind2=" ">
    <subfield code="c">7636</subfield>
    <subfield code="d">7636</subfield>
  </datafield>
  <controlfield tag="001">991060026064906706</controlfield>
  <controlfield tag="003">OSt</controlfield>
  <controlfield tag="005">20220201164213.0</controlfield>
  <controlfield tag="008">220110s2021    spcao   r     000 0 spa d </controlfield>
  <datafield tag="017" ind1=" " ind2=" ">
    <subfield code="a">DL B 14485 2021</subfield>
    <subfield code="b">Biblioteca de Catalunya</subfield>
  </datafield>
  <datafield tag="020" ind1=" " ind2=" ">
    <subfield code="a">9788413441108</subfield>
  </datafield>
  <datafield tag="040" ind1=" " ind2=" ">
    <subfield code="a">ES-BaUAB</subfield>
    <subfield code="b">cat</subfield>
    <subfield code="e">rda</subfield>
    <subfield code="c">CDMR</subfield>
  </datafield>
  <datafield tag="100" ind1="1" ind2=" ">
    <subfield code="a">Barreda, Sergio,</subfield>
  </datafield>
  <datafield tag="245" ind1="1" ind2="0">
    <subfield code="a">Vivir de las redes :</subfield>
    <subfield code="b">todo lo que debes saber y hacer si quieres ser influencer /</subfield>
    <subfield code="c">Sergio Barreda</subfield>
  </datafield>
  <datafield tag="264" ind1=" " ind2="1">
    <subfield code="a">Barcelona :</subfield>
    <subfield code="b">Alienta Editorial,</subfield>
    <subfield code="c">2021</subfield>
  </datafield>
  <datafield tag="300" ind1=" " ind2=" ">
    <subfield code="a">278 p&#xE0;gines ;</subfield>
    <subfield code="c">22 cm</subfield>
  </datafield>
  <datafield tag="650" ind1=" " ind2="7">
    <subfield code="a">Influ&#xE8;ncia (Psicologia)</subfield>
    <subfield code="2">lemac</subfield>
  </datafield>
  <datafield tag="650" ind1=" " ind2="7">
    <subfield code="a">Xarxes socials en l&#xED;nia</subfield>
    <subfield code="2">lemac</subfield>
  </datafield>
  <datafield tag="650" ind1=" " ind2="7">
    <subfield code="a">Celebritats d'internet</subfield>
    <subfield code="2">lemac</subfield>
  </datafield>
  <datafield tag="650" ind1=" " ind2="7">
    <subfield code="a">Construcci&#xF3; de marca (M&#xE0;rqueting)</subfield>
    <subfield code="2">lemac</subfield>
  </datafield>
  <datafield tag="908" ind1=" " ind2=" ">
    <subfield code="a">UAB</subfield>
  </datafield>
  <datafield tag="940" ind1=" " ind2=" ">
    <subfield code="a">CVA15</subfield>
    <subfield code="d">UAB</subfield>
  </datafield>
  <datafield tag="942" ind1=" " ind2=" ">
    <subfield code="2">udc</subfield>
    <subfield code="c">MON</subfield>
  </datafield>
  <datafield tag="952" ind1=" " ind2=" ">
    <subfield code="0">0</subfield>
    <subfield code="1">0</subfield>
    <subfield code="4">0</subfield>
    <subfield code="7">0</subfield>
    <subfield code="a">CDMR</subfield>
    <subfield code="b">CDMR</subfield>
    <subfield code="d">2022-02-01</subfield>
    <subfield code="e">Donaci&#xF3;</subfield>
    <subfield code="g">16.95</subfield>
    <subfield code="l">1</subfield>
    <subfield code="o">Ck 2/18</subfield>
    <subfield code="p">CDMR22020002</subfield>
    <subfield code="r">2023-04-19</subfield>
    <subfield code="s">2022-02-03</subfield>
    <subfield code="w">2022-02-01</subfield>
    <subfield code="y">MON</subfield>
  </datafield>
</record>
